[Event "Sydney International Open"]
[Site "Parramatta AUS"]
[Date "2009.04.16"]
[Round "3"]
[White "Jule,S"]
[Black "Hursky,K"]
[Result "0-1"]
[WhiteElo "1847"]
[BlackElo "2084"]

1.d4 Nf6 2.c4 e6 3.Nf3 d5 4.Nc3 Be7 5.Bf4 O-O 6.e3 c5 7.cxd5 Nxd5 8.Nxd5 exd5
9.dxc5 Bxc5 10.a3 Nc6 11.Be2 a5 12.Qc2 Qe7 13.Rd1 Rd8 14.O-O h6 15.Bb5 Na7
16.Qb3 Nxb5 17.Qxb5 Bg4 18.Rc1 Bxf3 19.gxf3 Bd6 20.Bxd6 Rxd6 21.Rfd1 Qg5+
22.Kh1 Qf5 23.Qe2 Rc6 24.Rxc6 bxc6 25.Rc1 Rb8 26.e4 Qe5 27.Rc2 Rb3 28.Rxc6 Rxb2
29.Qe3 d4 30.Qe1 d3 31.Rc8+ Kh7 32.Rd8 Qb5 33.Qe3 Rb3 34.a4 Qxa4 35.Rxd3 Rb1+
36.Kg2 Qa1 37.f4 Rh1 38.Qf3 Qf1+ 39.Kg3 Rg1+  0-1

[Event "CCF Easter"]
[Site "Coulsdon ENG"]
[Date "2009.04.17"]
[Round "8"]
[White "Lundin,J"]
[Black "Radovanovic,J"]
[Result "1-0"]
[WhiteElo "2337"]
[BlackElo "2323"]

1.d4 d5 2.c4 e6 3.Nc3 Be7 4.Nf3 Nf6 5.Bf4 O-O 6.e3 c5 7.dxc5 Qa5 8.a3 dxc4
9.Bxc4 Qxc5 10.Qe2 Nc6 11.e4 e5 12.b4 Qd6 13.Rd1 Qc7 14.Bg3 Bg4 15.Nd5 Nxd5
16.exd5 Nxb4 17.axb4 Bxb4+ 18.Kf1 Bd6 19.Ba2 f5 20.Bxe5 Rfe8 21.Bxd6 Qxd6
22.Qd3 Re4 23.h3 Bh5 24.g4 fxg4 25.Qxe4 Re8 26.Qd4 gxf3 27.Rg1 Bg6 28.Rg3 Re4
29.Qxa7 Be8 30.Qxb7 Bd7 31.Rxf3 h5 32.Qc6 Qh2 33.d6+  1-0

[Event "TCh-HUN 2008-9"]
[Site "Budapest HUN"]
[Date "2009.04.18"]
[Round "11"]
[White "Kallai,G"]
[Black "Kovacs,Ga2"]
[Result "0-1"]
[WhiteElo "2462"]
[BlackElo "2490"]

1.d4 d5 2.c4 e6 3.Nf3 Nf6 4.Nc3 Be7 5.Bf4 O-O 6.e3 Nbd7 7.a3 c5 8.cxd5 Nxd5
9.Nxd5 exd5 10.dxc5 Nxc5 11.Be5 Bf6 12.Bxf6 Qxf6 13.Qd4 Qd6 14.Rd1 Rd8 15.Bd3 Nxd3+
16.Rxd3 Bf5 17.Rc3 Qa6 18.Nh4 Be6 19.Qd3 Qb6 20.Rb3 Qa5+ 21.Rb4 Rac8 22.O-O Rc4
23.Qb3 Rxb4 24.Qxb4 Qxb4 25.axb4 Rc8 26.Nf3 Rc4 27.Ra1 Rxb4 28.Rxa7 Kf8 29.Ra2 d4
30.Ra8+ Ke7 31.Nxd4 Rxb2 32.h3 Bc4 33.Nf5+ Kf6 34.Nd6 Bd5 35.Ne8+ Kg6 36.Rd8 Bc6
37.g4 Kg5  0-1

[Event "16th ch-Asian Cities Dubai Cup"]
[Site "Beirut LIB"]
[Date "2009.04.23"]
[Round "9"]
[White "Alzaim,T"]
[Black "Al Zendani,Z"]
[Result "1/2-1/2"]
[WhiteElo "2208"]
[BlackElo "2396"]

1.d4 d5 2.Nf3 Nf6 3.c4 e6 4.Nc3 Be7 5.Bf4 O-O 6.e3 a6 7.cxd5 exd5 8.Bd3 c5
9.dxc5 Nbd7 10.O-O Nxc5 11.Be2 Be6 12.Rc1 Rc8 13.Nd4 Qb6 14.b3 Rfd8 15.Bg5 Qd6
16.Bf4 Qb6 17.Rc2 Nfe4 18.Nxe6 Qxe6 19.Bf3 Nxc3 20.Rxc3 Qf6 21.Qc2 Rc6 22.Bg3 Ne4
23.Rxc6 Qxc6 24.Qxc6 bxc6 25.Bc7 Rd7 26.Ba5 Bd8 27.Bxd8 Rxd8 28.Rd1 f5 29.Bxe4 fxe4
30.Rc1 d4 31.exd4 Rxd4 32.g3 Rd2 33.a4 Rb2 34.Rc5 Rxb3 35.Rxc6 e3 36.fxe3 Rxe3
37.Kg2 Ra3 38.Rxa6 Ra2+ 39.Kh3 h5 40.Ra5 Kf7 41.g4 hxg4+ 42.Kg3 Kg6 43.Ra7  1/2-1/2

[Event "ch-Moscow men"]
[Site "Moscow RUS"]
[Date "2009.04.23"]
[Round "1"]
[White "Ulko,J"]
[Black "Rychagov,A"]
[Result "1/2-1/2"]
[WhiteElo "2489"]
[BlackElo "2530"]

1.d4 d5 2.c4 e6 3.Nf3 Nf6 4.Nc3 Be7 5.Bf4 O-O 6.e3 Nbd7 7.cxd5 Nxd5 8.Nxd5 exd5
9.Bd3 Bb4+ 10.Kf1 Nf6 11.Qc2 Bd6 12.Ne5 Qe7 13.h3 c5 14.b3 cxd4 15.exd4 Be6
16.Re1 Rac8 17.Qb1 Bb4 18.Re2 h6 19.Kg1 Rfd8 20.Kh2 Nh5 21.Be3 Bd6 22.g3 Nf6
23.Bf4 Bb4 24.Rc1 Rxc1 25.Qxc1 Rc8 26.Rc2 Qd8 27.Bd2 Bd6 28.Rxc8 Qxc8 29.Qxc8+  1/2-1/2

[Event "VI Magistral Hebraica"]
[Site "Sao Paulo BRA"]
[Date "2009.04.24"]
[Round "5"]
[White "Fier,A"]
[Black "Milos,G"]
[Result "0-1"]
[WhiteElo "2595"]
[BlackElo "2585"]

1.d4 Nf6 2.c4 e6 3.Nf3 d5 4.Nc3 Be7 5.Bf4 O-O 6.e3 b6 7.cxd5 Nxd5 8.Nxd5 exd5
9.Bd3 c5 10.h3 c4 11.Bc2 Nc6 12.O-O b5 13.b3 Nb4 14.Bb1 Be6 15.Ne5 Qc8 16.Qh5 f5
17.bxc4 bxc4 18.a3 Nc6 19.Bc2 Nxe5 20.Bxe5 Bf6 21.Bd6 g6 22.Qf3 Rf7 23.Qg3 Qc6
24.Rab1 Rd8 25.Bf4 Rb7 26.Rxb7 Qxb7 27.Rb1 Qe7 28.a4 Bh4 29.Qf3 Rd7 30.Rb8+ Rd8
31.Rb5 Qa3 32.Qd1 Qc3 33.Bc7 Rd7 34.Ba5 Qa3 35.Bb4 Qa2 36.Qc1 Kg7 37.Bc5 c3
38.Qd1 f4 39.exf4 Bf5 40.Bxf5 Qxf2+ 41.Kh1 gxf5 42.Ba3 Be7 43.Bc1 Bf6 44.Kh2 Bxd4
45.Rb4 Bc5 46.Rb3 c2 47.Bb2+ Kh6 48.Qa1 Re7 49.Rg3 d4 50.Rf3 Qe1 51.Qa2 d3
52.h4 Re2 53.Bg7+ Kxg7 54.Qb2+ Kf7 55.Qb7+ Be7 56.Qd5+ Kg7 57.Qxf5 c1=Q 58.Qg4+ Kh6  0-1

[Event "11th Open St-Quentin en Yvelines"]
[Site "Elancourt FRA"]
[Date "2009.04.25"]
[Round "9"]
[White "Le Port,L"]
[Black "Anciant Grasdepot,B"]
[Result "0-1"]
[WhiteElo "1577"]
[BlackElo "1636"]

1.d4 d5 2.c4 e6 3.Nc3 Nf6 4.Nf3 Be7 5.Bf4 O-O 6.e3 Nh5 7.Bg3 Nxg3 8.hxg3 c5
9.cxd5 exd5 10.Bd3 g6 11.dxc5 Bxc5 12.Qd2 f6 13.Qc2 Kg7 14.O-O-O Be6 15.Kb1 Nc6
16.a3 a6 17.Rh4 Bf7 18.Rdh1 Rh8 19.Na4 Be7 20.Qc3 Rc8 21.Ng5 h5 22.Nxf7 Kxf7
23.Qd2 Ne5 24.Nc3 Nxd3 25.Qxd3 f5 26.Qxd5+ Qxd5 27.Nxd5 Bxh4 28.gxh4 Rhd8
29.Nc3 Rd2 30.Rf1 b5 31.Kc1 Rd7 32.Kc2 a5 33.b4 axb4 34.axb4 Rdc7 35.Kb2 Rxc3
36.g3 R3c4 37.Kb3 Rd8 38.Ra1 Rdc8 39.Ra7+ R8c7 40.Ra5 Rc3+ 41.Kb2 Rc2+ 42.Kb1 Rxf2
43.Rxb5 Re7 44.Rc5 Rxe3 45.b5 Re1+ 46.Rc1 Rxc1+ 47.Kxc1 Ke7  0-1

[Event "XXII Open"]
[Site "Benidorm ESP"]
[Date "2009.05.01"]
[Round "8"]
[White "Bhat,S"]
[Black "Haslinger,G"]
[Result "1/2-1/2"]
[WhiteElo "1820"]
[BlackElo "2305"]

1.d4 d5 2.c4 e6 3.Nc3 Be7 4.Nf3 Nf6 5.Bf4 O-O 6.e3 Nbd7 7.c5 c6 8.Bd3 b6
9.b4 a5 10.a3 Ba6 11.O-O Qc8 12.h3 Qb7 13.Rb1 axb4 14.axb4 Bxd3 15.Qxd3 Ra3
16.Qc2 Rfa8 17.Rfc1 h6 18.Ne1 b5 19.Qb2 Ne4 20.Ra1 R3a6 21.f3 Nxc3 22.Qxc3 Bf6
23.Bd6 R8a7 24.Rxa6 Rxa6 25.Ra1 Qa7  1/2-1/2

[Event "TOP 16 GpB"]
[Site "Chalons en Champagne FRA"]
[Date "2009.05.01"]
[Round "5"]
[White "Nyback,T"]
[Black "Dobrev,Nan"]
[Result "1-0"]
[WhiteElo "2655"]
[BlackElo "2366"]

1.d4 d5 2.c4 e6 3.Nf3 Nf6 4.Nc3 Be7 5.Bf4 O-O 6.e3 c5 7.dxc5 Bxc5 8.Qc2 Nc6
9.a3 Qa5 10.Rd1 Be7 11.Be2 Ne4 12.cxd5 Nxc3 13.Qxc3 Qxc3+ 14.bxc3 exd5 15.Rxd5 Bxa3
16.Nd4 Be7 17.Kd2 Rd8 18.Bf3 Nxd4 19.cxd4 Bb4+ 20.Kd3 Rxd5 21.Bxd5 Kf8 22.Rc1 Ba5
23.e4 Ke7 24.Bc7 Bb4 25.Be5 Ba5 26.Bxg7 Be6 27.Bxb7 Rb8 28.Ra1 Bb6 29.Bc6 Rd8
30.d5 Bc8 31.Bd4  1-0

[Event "IV Tch-ESP Selecciones Autonomicas"]
[Site "Villava ESP"]
[Date "2009.05.02"]
[Round "5"]
[White "Veganzones Rojo,D"]
[Black "Sesma Rubio,P"]
[Result "0-1"]
[WhiteElo "2103"]
[BlackElo "2080"]

1.d4 Nf6 2.c4 e6 3.Nf3 d5 4.Nc3 Be7 5.Bf4 O-O 6.e3 a6 7.Rc1 Nbd7 8.c5 Ne4
9.Nxe4 dxe4 10.Nd2 e5 11.Bxe5 Nxe5 12.dxe5 Qd5 13.Qc2 Rd8 14.Qc3 Bf5 15.Bc4 Qc6
16.Nb3 Qg6 17.Kf1 Rd7 18.Nd4 Rad8 19.Qb3 Bg5 20.Re1 Rxd4 21.exd4 Rxd4 22.h4 Bd2
23.h5 Qg5 24.Bxf7+ Kf8 25.Re2 Bg4 26.Bc4 Bxe2+ 27.Bxe2 e3 28.Rh3 Rf4 29.Bf3 Qf5
30.Ke2 exf2 31.Kxf2 Qxe5 32.Rh1 Qxc5+ 33.Ke2 Rb4  0-1

[Event "Copenhagen Chess Challenge"]
[Site "Ballerup DEN"]
[Date "2009.05.09"]
[Round "7"]
[White "Glud,J"]
[Black "Sahl,Bj"]
[Result "1-0"]
[WhiteElo "2454"]
[BlackElo "2366"]

1.c4 e6 2.d4 d5 3.Nf3 Nf6 4.Nc3 Be7 5.Bf4 O-O 6.e3 a6 7.c5 Nc6 8.a3 Nh5 9.b4 Bd7
10.Bd3 Be8 11.O-O f5 12.Be5 Nf6 13.Ne2 h6 14.h3 Bh5 15.Nf4 Bf7 16.Be2 Ne4
17.Nd3 Nc3 18.Qc2 Nxe2+ 19.Qxe2 Bh5 20.Nf4 Bf7 21.Nd3 Bh5 22.Bh2 Bf6 23.a4 g5
24.b5 Na5 25.g4 fxg4 26.Nfe5 Bg7 27.hxg4 Be8 28.c6 b6 29.Rac1 axb5 30.axb5 Nc4
31.Nxc4 dxc4 32.Ne5 Ra4 33.Rxc4 Ra5 34.Rb4 Qd5 35.Qc4 Bxe5 36.Bxe5 Qxc4 37.Rxc4 Ra7
38.f3 Bg6 39.e4 Rf7 40.Rcc1 h5 41.Ra1 Rxa1 42.Rxa1 hxg4 43.Ra8+ Rf8 44.Rxf8+ Kxf8
45.Bxc7 gxf3 46.d5  1-0

[Event "Copenhagen Chess Challenge"]
[Site "Ballerup DEN"]
[Date "2009.05.10"]
[Round "8"]
[White "Rusev,K"]
[Black "Glud,J"]
[Result "1/2-1/2"]
[WhiteElo "2498"]
[BlackElo "2454"]

1.d4 d5 2.c4 e6 3.Nf3 Nf6 4.Nc3 Be7 5.Bf4 O-O 6.e3 c5 7.dxc5 Bxc5 8.Qc2 Nc6
9.a3 Qa5 10.Nd2 Bb4 11.cxd5 exd5 12.Nb3 Bxc3+ 13.Qxc3 Qxc3+ 14.bxc3 Ne4 15.Rc1 g5
16.Bg3 Be6 17.f3 Nxg3 18.hxg3 Kg7 19.Bd3 h6 20.f4 Bg4 21.Kf2 Rac8 22.c4 dxc4
23.Bxc4 Rfd8 24.Be2 Bxe2 25.Kxe2 Rd5 26.Rhd1 Rcd8 27.Rxd5 Rxd5 28.Nc5 Na5
29.Ne4 Nc6 30.Nc5 Na5 31.Ne4 Nc6 32.Rb1 Na5 33.Rc1 Nc6  1/2-1/2

[Event "Rapid"]
[Site "Livry-Gargan FRA"]
[Date "2009.05.10"]
[Round "5"]
[White "Kazhgaleyev,M"]
[Black "Maisuradze,N"]
[Result "1-0"]
[WhiteElo "2626"]
[BlackElo "2261"]

1.d4 d5 2.c4 e6 3.Nc3 Be7 4.Nf3 Nf6 5.Bf4 O-O 6.Qc2 c5 7.dxc5 dxc4 8.e3 Bxc5
9.Bxc4 a6 10.Rd1 Qe8 11.Bd3 Be7 12.a3 Bd7 13.e4 Bc6 14.Ne5 h6 15.O-O Qc8
16.Qe2 Nbd7 17.Nc4 Re8 18.e5 Nd5 19.Nxd5 Bxd5 20.Ne3 Bc6 21.Qg4 Kh8 22.Qh5 Kg8
23.Bxh6 gxh6 24.Qxh6 Nf8 25.Ng4  1-0

[Event "TCh-NED 2008-9"]
[Site "Netherlands NED"]
[Date "2009.05.10"]
[Round "9"]
[White "Roobol,M"]
[Black "Van Beek,L"]
[Result "1/2-1/2"]
[WhiteElo "2330"]
[BlackElo "2345"]

1.d4 Nf6 2.c4 e6 3.Nf3 d5 4.Nc3 Be7 5.Bf4 c5 6.e3 cxd4 7.exd4 O-O 8.Be2 b6
9.O-O Bb7 10.Rc1 dxc4 11.Bxc4 Nc6 12.a3 Na5 13.Ba2 Nd5 14.Bg3 Rc8 15.Nxd5 Bxd5
16.Rxc8 Qxc8 17.Bxd5 exd5 18.Re1 Bf6 19.Be5 Qf5 20.Bxf6 Qxf6 21.Qa4 Qc6 22.Qxc6 Nxc6
23.Rc1 Rc8 24.Kf1 f6  1/2-1/2

[Event "Mitropa Cup"]
[Site "Rogaska Slatina SLO"]
[Date "2009.05.11"]
[Round "3"]
[White "Martinovic,Sa"]
[Black "Prohaszka,P2"]
[Result "1/2-1/2"]
[WhiteElo "2483"]
[BlackElo "2511"]

1.d4 d5 2.c4 e6 3.Nc3 Be7 4.Nf3 Nf6 5.Bf4 O-O 6.e3 Nbd7 7.c5 c6 8.Bd3 b6
9.b4 a5 10.a3 Ba6 11.O-O Qc8 12.h3 Qb7 13.Qc2 Bxd3 14.Qxd3 Ra7 15.Rab1 axb4
16.axb4 Rfa8 17.Nd2 Ra3 18.Qc2 h6 19.Rfc1 Bd8 20.Rb2 Ra1 21.Rxa1 Rxa1+ 22.Rb1  1/2-1/2

[Event "Mitropa Cup"]
[Site "Rogaska Slatina SLO"]
[Date "2009.05.14"]
[Round "6"]
[White "Erdos,V"]
[Black "Cossin,S"]
[Result "1/2-1/2"]
[WhiteElo "2581"]
[BlackElo "2471"]

1.d4 d5 2.Nf3 Nf6 3.c4 e6 4.Nc3 Be7 5.Bf4 O-O 6.e3 c5 7.dxc5 Bxc5 8.a3 Nc6
9.Qc2 Qa5 10.O-O-O a6 11.Kb1 Be7 12.Nd2 b5 13.cxd5  1/2-1/2

[Event "8th Asian Continental Women"]
[Site "Subic Bay PHI"]
[Date "2009.05.14"]
[Round "2"]
[White "Mohota,N"]
[Black "Guo Qi"]
[Result "1-0"]
[WhiteElo "2304"]
[BlackElo "2147"]

1.d4 d5 2.c4 e6 3.Nc3 Be7 4.Nf3 Nf6 5.Bf4 O-O 6.e3 c5 7.dxc5 Bxc5 8.Qc2 Nc6
9.a3 Qa5 10.O-O-O Be7 11.h4 a6 12.Ng5 Rd8 13.cxd5 exd5 14.e4 dxe4 15.Bc4 Be6
16.Bxe6 fxe6 17.Qb3 Qf5 18.Qxe6+ Qxe6 19.Nxe6 Rxd1+ 20.Rxd1 Rc8 21.Kb1 h6
22.Nd5 Kf7 23.Nxe7 Nxe7 24.Nd8+ Kg6 25.Nxb7 Ned5 26.Be5 Re8 27.Bxf6 Nxf6
28.Rd6 Kh5 29.Nc5 e3 30.fxe3 Rxe3 31.Ne6 Ne8 32.Rxa6 Kxh4 33.Nd4 Re4 34.Re6 Rxe6
35.Nxe6 g5 36.Nd4 h5 37.Ne2 Kg4 38.b4 Nd6 39.a4 h4 40.a5 Nb5 41.a6 h3 42.gxh3+ Kxh3
43.Nd4 Nc7 44.a7 g4 45.b5 Na8 46.Kc2 g3 47.Ne2 Kg4 48.Nxg3 Kf4 49.Kc3 Ke5
50.Kb4 Kd6 51.Ka5  1-0

[Event "ch-Catalunya"]
[Site "Lleida ESP"]
[Date "2009.05.16"]
[Round "1.1"]
[White "Monell Camarasa,D"]
[Black "Narciso Dublan,M"]
[Result "1/2-1/2"]
[WhiteElo "2212"]
[BlackElo "2534"]

1.d4 d5 2.c4 e6 3.Nf3 Nf6 4.Nc3 Be7 5.Bf4 O-O 6.e3 c5 7.dxc5 Bxc5 8.cxd5 Nxd5
9.Nxd5 exd5 10.a3 Nc6 11.Bd3 Bb6 12.O-O d4 13.Qc2 h6 14.exd4 Nxd4 15.Nxd4 Qxd4
16.Be3 Qf6 17.Rfe1 Bxe3 18.Rxe3 Be6 19.Rae1 Rac8 20.Qe2 Rfd8 21.h3 Rd6 22.Rf3 Qd4
23.Qe4 Qxe4 24.Bxe4 Rd2 25.b4 b6 26.Ree3 Rc1+ 27.Kh2 Kf8 28.Kg3 Rd4 29.Bd3 Bd5
30.Bb5 Bc6 31.Bxc6 Rxc6 32.Rc3 Rdc4 33.Rxc4 Rxc4 34.Re3 g5 35.f3 Rc2 36.Re4 Ra2
37.Re3 Kg7 38.Rc3 Kg6 39.Rd3 f6 40.Rc3 a5 41.Rc6 Rxa3 42.Rxb6 axb4 43.Rxb4  1/2-1/2

[Event "Limpedea Cup"]
[Site "Baia Sprie ROM"]
[Date "2009.05.19"]
[Round "9"]
[White "Nanu,C"]
[Black "Bonte,An"]
[Result "0-1"]
[WhiteElo "2535"]
[BlackElo "2323"]

1.d4 Nf6 2.Nf3 d5 3.c4 e6 4.Nc3 Be7 5.Bf4 O-O 6.e3 c5 7.dxc5 Nc6 8.cxd5 exd5
9.Be2 Bxc5 10.O-O Be6 11.Rc1 Rc8 12.a3 h6 13.Nb5 Ne4 14.Nfd4 g5 15.Bg3 Bb6
16.Nxe6 fxe6 17.Bd3 Nxg3 18.hxg3 a6 19.Qh5 Rf6 20.Nc3 Ne5 21.Be2 Qf8 22.Kh2 Kg7
23.f4 Ng6 24.Bd3 Bxe3 25.Rce1 gxf4 26.gxf4 Bxf4+ 27.g3 Bxg3+ 28.Kxg3 Qd6+
29.Kh3 Nf4+ 30.Rxf4 Qxf4 31.Rg1+ Kh8 32.Rg3 Rg8 33.Rxg8+ Kxg8 34.Qg4+ Kf7
35.Bg6+ Ke7 36.Bh5 Qxg4+ 37.Bxg4 Rf2 38.Ne2 e5 39.Kg3 Rf8 40.b4 Kd6 41.Nc3 e4
42.Na4 Ke5 43.Nc5 Rf7 44.Bc8 Rf3+ 45.Kg2 Rxa3 46.Bxb7 Ra2+ 47.Kf1 Rb2 48.Nxa6 d4
49.Nc5 Rxb4 50.Bxe4 Rc4  0-1

[Event "8th Asian Continental Women"]
[Site "Subic Bay PHI"]
[Date "2009.05.19"]
[Round "7"]
[White "Karavade,E"]
[Black "Pourkashiyan,A"]
[Result "1-0"]
[WhiteElo "2359"]
[BlackElo "2273"]

1.d4 Nf6 2.c4 e6 3.Nf3 d5 4.Nc3 Be7 5.Bf4 O-O 6.e3 c5 7.dxc5 dxc4 8.Bxc4 Bxc5
9.O-O a6 10.Qe2 b5 11.Rfd1 Qb6 12.Bd3 Bb7 13.a3 Nbd7 14.b4 Be7 15.e4 Rac8
16.Rdc1 Bc6 17.Bg5 Rfe8 18.e5 Nh5 19.Ne4 Bxg5 20.Nexg5 g6 21.Ne4 Nf4 22.Qd2 Nxd3
23.Qxd3 Red8 24.Nd6 Rb8 25.Ng5 Nxe5 26.Qh3 h5 27.Qg3 f6 28.Ngf7 Rxd6 29.Nxd6 Rd8
30.Qc3 Qb8 31.f4 Qa7+ 32.Qc5 Qxc5+ 33.Rxc5 Bd5 34.fxe5 fxe5 35.Rc8  1-0

[Event "Limpedea Cup"]
[Site "Baia Sprie ROM"]
[Date "2009.05.21"]
[Round "11"]
[White "Shishkin,Va UKR"]
[Black "Bonte,An"]
[Result "1-0"]
[WhiteElo "2498"]
[BlackElo "2323"]

1.d4 d5 2.c4 e6 3.Nf3 Nf6 4.Nc3 Be7 5.Bf4 O-O 6.e3 c5 7.dxc5 Nc6 8.Qc2 Bxc5
9.Rd1 Qa5 10.Be2 Rd8 11.O-O dxc4 12.Bxc4 a6 13.Rxd8+ Qxd8 14.Rd1 Qe7 15.Bg5 h6
16.Bh4 b5 17.Bxf6 gxf6 18.Bb3 Bb7 19.Ne4 Bb6 20.Rd7  1-0

[Event "Global Chess"]
[Site "Ulan Bator MGL"]
[Date "2009.05.21"]
[Round "4"]
[White "Ivanov,Tim"]
[Black "Myagmarsuren,L"]
[Result "1/2-1/2"]
[WhiteElo "2359"]
[BlackElo "2198"]

1.d4 d5 2.c4 e6 3.Nc3 Nf6 4.Nf3 Be7 5.Bf4 O-O 6.e3 c5 7.dxc5 Bxc5 8.cxd5 Nxd5
9.Nxd5 exd5 10.a3 Nc6 11.Bd3 Bd6 12.Bxd6 Qxd6 13.O-O Ne5 14.Nxe5 Qxe5 15.Qc2 g6
16.Rac1 Be6 17.Qd2 f5 18.f4 Qg7 19.Qb4 Rfc8 20.Qd4 Qxd4 21.exd4 Rxc1 22.Rxc1 Rc8
23.Re1 Kf7 24.Kf2 Kf6 25.Ke3 Ke7 26.Kd2 Kd6 27.Re3 Rc7 28.Rg3 Bf7 29.Rh3 Bg8
30.Re3 Be6 31.Be2 Bd7 32.Re5 Be6 33.h3 Re7 34.Bf3 Rc7 35.Be2 Rg7 36.Re3 Rc7
37.Bd3 Bd7 38.Re1 Rc8 39.Rg1 Ke7 40.Ke3 Kf6 41.Kf3 h6 42.Re1 g5 43.g3 Be6
44.g4 Rc7 45.gxf5 Bf7 46.Kg4 Rc8 47.fxg5+ hxg5 48.Rh1 Re8 49.h4 gxh4 50.Rxh4 Re3
51.Rh6+ Kg7 52.Rh3 Rxh3 53.Kxh3 Kf6 54.Kg4 Be8 55.Kf4 Bd7 56.Bc2 b6 57.Bd3 Be8
58.Bb1 Bd7 59.Bc2 Bc8 60.Bb3 Bb7 61.Ba4 Bc8 62.Bc6 Bxf5 63.Bxd5 Bc2 64.Bc4 Bg6
65.b4 Bc2 66.d5 Bf5 67.Bb3 Bg6 68.d6 Bf5 69.Bd5 Bh3 70.Ke4 Bd7 71.Kd4 Bf5
72.Bg8 Bc8 73.Bc4 Bg4 74.a4 Bd7 75.a5 Bh3 76.Bd5 Be6 77.axb6 axb6 78.Bg2 Bc8
79.Bf3 Be6 80.Bd1 Bc8 81.Bb3 Bg4 82.Bc4 Bf5 83.Bg8 Bd7 84.Kd5 Bg4 85.Kc4 Be2+
86.Kd4 Bg4 87.Bd5 Bd7 88.Bb3 Bh3 89.Bc4 Bg4 90.Ba6 Bd1 91.Bc8 Bb3 92.Bh3 Ba2
93.Bg4 Bb3 94.Kc3 Bd5 95.Kb2 Bf7 96.Ka3 Bc4 97.Ka4 Bf1 98.Kb3 Bg2 99.Kc4 Bf1+
100.Kd4 Bg2 101.Bc8 Bf3 102.Bh3 Bd1 103.Bf5 Ba4 104.Bg4 Bb3 105.Bf3 Bf7 106.Bd5 Bh5
107.Bc4 Bf3 108.Bd5 Bh5 109.Bg8 Bf3 110.Kc3 Bg4 111.Kd3 Bf3 112.Bd5 Bg4 113.Bb7 Bd1
114.Kd4 Bb3 115.Bf3 Bf7 116.Be2 Bb3 117.Bc4 Bd1 118.Ba2 Bf3 119.Bb3 Bg4 120.Bc4 Bf3
121.Ba2 Be2 122.Ke4 Bf1 123.Bb3 Bg2+ 124.Kd4 Bf1 125.Bd5 Bh3 126.Bb7 Bf1
127.Bc8 Bg2 128.Bg4 Bf1 129.Ke4 Bc4 130.Kd4 Bf1 131.Kd5 Bg2+ 132.Kc4 Bf1+
133.Kb3 Bb5 134.Bh3 Kf7 135.Kc3 Ba6 136.d7 Ke7 137.Kd4 Be2 138.Ke5 Bf3 139.Be6 Be2
140.d8=Q+ Kxd8 141.Kd6 Bf3 142.Bd5 Bg4 143.Kc6 Kc8 144.Kxb6 Kb8  1/2-1/2

[Event "Copper State Int"]
[Site "Mesa USA"]
[Date "2009.05.29"]
[Round "1"]
[White "Hansen,Eric"]
[Black "Haskel,J"]
[Result "1/2-1/2"]
[WhiteElo "2398"]
[BlackElo "2131"]

1.Nf3 d5 2.d4 Nf6 3.c4 e6 4.Nc3 Be7 5.Bf4 O-O 6.e3 a6 7.cxd5 exd5 8.Bd3 Nbd7
9.O-O c5 10.Rc1 c4 11.Bb1 b5 12.Ne5 Bb7 13.Qf3 Re8 14.Rfd1 g6 15.g4 b4 16.Ne2 Nxe5
17.Bxe5 Ne4 18.Bg3 Rc8 19.Nf4 Bf6 20.Qe2 Nd6 21.Kg2 a5 22.Bc2 Bc6 23.Qf3 Ne4
24.Rh1 a4 25.h4 b3 26.Bxe4 dxe4 27.Qe2 Bd7 28.axb3 cxb3 29.Nd5 Rxc1 30.Rxc1 Bxh4
31.Be5 Bc8 32.Rc5 Be7 33.Qc4 Bxg4 34.Qxa4 Bf3+ 35.Kf1 Bxc5 36.Nf6+ Kf8 37.Nxh7+ Kg8
38.Nf6+ Kf8 39.Nh7+ Kg8 40.Nf6+ Kf8 41.Nh7+  1/2-1/2

[Event "Copper State Int"]
[Site "Mesa USA"]
[Date "2009.05.29"]
[Round "2"]
[White "Esserman,M"]
[Black "Ippolito,D"]
[Result "0-1"]
[WhiteElo "2391"]
[BlackElo "2443"]

1.d4 d5 2.c4 e6 3.Nc3 Be7 4.Nf3 Nf6 5.Bf4 O-O 6.a3 c5 7.dxc5 dxc4 8.e3 Nd5
9.Bd6 Nxc3 10.bxc3 b6 11.Ne5 Bb7 12.Bxc4 Nc6 13.Ba6 Bxa6 14.Nxc6 Bf6 15.Rc1 Qc8
16.Nb4 Rd8 17.c6 Bc4 18.Qg4 b5 19.Bg3 a5 20.c7 axb4 21.cxd8=B Qxd8 22.cxb4 Rxa3
23.Rxc4 Ra1+ 24.Ke2 Rxh1 25.Rd4 Bxd4 26.exd4 h5 27.Qe4 Qd5 28.Qxd5 exd5 29.Bd6 f6
30.f3 Kf7 31.Kf2 Ke6 32.Bc5 g5 33.Bb6 Kf5 34.h3 h4 35.g4+ hxg3+ 36.Kxg3 Rb1
37.Bc5 Rb2 38.Bd6 Rc2 39.Bc5 Rd2 40.Bb6 Rd3 41.Kf2 Kg6 42.Kg2 f5 43.Bc5 Rd2+
44.Kg1 Kh5  0-1

[Event "ch-CHN"]
[Site "Xinghua Jiangsu CHN"]
[Date "2009.05.29"]
[Round "4"]
[White "Ding Liren"]
[Black "Liang Chong"]
[Result "1/2-1/2"]
[WhiteElo "2458"]
[BlackElo "2511"]

1.d4 Nf6 2.c4 e6 3.Nf3 d5 4.Nc3 Be7 5.Bf4 O-O 6.e3 dxc4 7.Bxc4 a6 8.O-O b5
9.Bd3 Bb7 10.Qe2 c5 11.dxc5 Bxc5 12.e4 Be7 13.Rfd1 Nbd7 14.Rac1 Rc8 15.a3 Re8
16.b4 Ba8 17.Bb1 Qb6 18.Ba2 Nf8 19.e5 N6d7 20.Bg3 Qb7 21.Bb1 Nb6 22.Ne4 Rxc1
23.Rxc1 Rc8 24.Rd1 Nd5 25.Qd2 h6 26.Bh4 Ng6 27.Bxe7 Qxe7 28.Nc5 Ngf4 29.Re1 a5
30.Be4 axb4 31.axb4 Nxb4 32.Qxb4 Rxc5 33.Bxa8 Nd3 34.Qd4 Nxe1 35.Nxe1 Rc4
36.Qe3 b4 37.g3 Rc3 38.Qd2 Qc7 39.Be4 b3 40.Kg2 g6 41.Nf3 Kg7 42.h4 Rc4 43.Bd3 Ra4
44.h5 g5 45.Nxg5 Qxe5 46.Nf3 Qf6 47.Bb1 b2 48.Qd3 Ra5 49.Qe4 Rd5 50.Qg4+ Kh8
51.Qb4 Kg8 52.Qg4+ Qg7 53.Qb4 Rd8 54.Qe4 Rd5 55.Qb4 Rd8 56.Qe4 Rd1 57.Qa8+ Qf8
58.Qe4 Qg7 59.Qa8+ Qf8 60.Qe4 Qg7  1/2-1/2

[Event "ch-CHN"]
[Site "Xinghua Jiangsu CHN"]
[Date "2009.06.02"]
[Round "7"]
[White "Zhou Weiqi"]
[Black "Ji Dan"]
[Result "1-0"]
[WhiteElo "2563"]
[BlackElo "2342"]

1.d4 d5 2.c4 e6 3.Nc3 Be7 4.Nf3 Nf6 5.Bf4 O-O 6.e3 Nbd7 7.c5 c6 8.Bd3 b6
9.b4 a5 10.a3 Bb7 11.O-O Qc8 12.h3 Ba6 13.Rb1 Bxd3 14.Qxd3 Qb7 15.Nd2 Ra7
16.Rfc1 axb4 17.axb4 Rfa8 18.Nb3 b5 19.Na5 Qc8 20.Nxc6 Qxc6 21.Nxb5 Rb7 22.Nc7 Rxc7
23.b5 Qb7 24.c6 Qc8 25.Bxc7 Qxc7 26.cxd7 Qxd7 27.b6 Ne8 28.b7 Rb8 29.Qa6 Nc7
30.Qa7 Qd8 31.Rc6 Kf8 32.Rbc1  1-0

[Event "Rapid"]
[Site "Hustopece CZE"]
[Date "2009.06.06"]
[Round "2"]
[White "Laznicka,V"]
[Black "Kochetkova,J"]
[Result "1-0"]
[WhiteElo "2598"]
[BlackElo "2310"]

1.d4 d5 2.c4 e6 3.Nf3 Be7 4.Nc3 Nf6 5.Bf4 O-O 6.e3 a6 7.c5 Nc6 8.a3 Nh5 9.Bd3 Nxf4
10.exf4 Bf6 11.Ne2 a5 12.Qc2 h6 13.h4 Bd7 14.g4 e5 15.fxe5 Bxg4 16.Neg1 Be7
17.Bf5 Bxf5 18.Qxf5 b6 19.cxb6 cxb6 20.Ne2 Qc8 21.Ng3 g6 22.Qf4 Re8 23.Qxh6 Qg4
24.Ng5  1-0

[Event "Maia Chiburdanidze Cup"]
[Site "Tbilisi GEO"]
[Date "2009.06.06"]
[Round "2"]
[White "Khurtsidze,N"]
[Black "Kobeshavidze,L"]
[Result "1-0"]
[WhiteElo "2424"]
[BlackElo "1803"]

1.d4 d5 2.c4 e6 3.Nf3 Nf6 4.Nc3 Be7 5.Bf4 O-O 6.e3 Nbd7 7.Rc1 c5 8.cxd5 exd5
9.Bd3 cxd4 10.Nxd4 Nc5 11.Be2 a6 12.O-O Ne6 13.Be5 Nxd4 14.Qxd4 Be6 15.Na4 Rc8
16.b4 Ne8 17.Nc5 Bxc5 18.Rxc5 Rxc5 19.Qxc5 f6 20.Bg3 Qd7 21.f3 f5 22.Be5 Nf6
23.Bxf6 Rxf6 24.Rd1 Qa4 25.Qa5 Qc2 26.h3 Rf8 27.Qb6 Qc6 28.Qxc6 bxc6 29.Rc1 Bd7
30.Bf1 Ra8 31.Rc5 Kf7 32.Ra5 Bc8 33.Kf2 Ke6 34.Ke2 Kd6 35.Kd2 g6 36.Kc3 Ke5
37.h4 h5 38.Bd3 Bb7 39.a3 Bc8 40.Kb3 Bb7 41.g3 Kd6 42.Ka4 Kc7 43.Kb3 Kd6
44.Kc2 Ke5 45.Kc3 Bc8 46.Rc5 Bb7 47.Kb3 Kd6 48.Ka4 Re8 49.Ka5 Kc7 50.Ka4 Kd6
51.Kb3 Ra8 52.Kc3 Ke5 53.Kc2 Kd6 54.a4 Re8 55.a5 Ra8 56.g4 Kc7 57.gxf5 gxf5
58.Bxf5 Rf8 59.e4 Bc8 60.Bxc8 Kxc8  1-0

[Event "FSGM June"]
[Site "Budapest HUN"]
[Date "2009.06.07"]
[Round "2"]
[White "Akesson,R"]
[Black "Kovacs,Ga2"]
[Result "0-1"]
[WhiteElo "2493"]
[BlackElo "2524"]

1.Nf3 d5 2.d4 Nf6 3.c4 e6 4.Nc3 Be7 5.Bf4 O-O 6.e3 Nbd7 7.a3 c5 8.cxd5 Nxd5
9.Nxd5 exd5 10.dxc5 Nxc5 11.Be5 Bf6 12.Bxf6 Qxf6 13.Qd4 Qd6 14.Rd1 Rd8 15.Be2 Bf5
16.O-O Bc2 17.Rde1 Nb3 18.Qh4 Qb6 19.Qb4 Qxb4 20.axb4 Rac8 21.h3 a6 22.b5 a5
23.Kh2 Re8 24.Nd4 Nxd4 25.exd4 Kf8 26.Bf3 Bb3 27.Rxe8+ Rxe8 28.Rc1 Bc4 29.b6 Ra8
30.Bd1 a4 31.Ra1 Bb5 32.Ra3 Ra6 33.b3 Rxb6 34.bxa4 Bc4 35.a5 Rb2 36.Kg3 Ke7
37.Bg4 Kd6 38.Kf3 Kc7 39.Ke3 Kc6 40.Bc8 Re2+ 41.Kf3 Re8 42.Bf5 Ra8 43.Re3 Kd6
44.Bc2 h6 45.Kf4 Rxa5 46.Rg3 Ra2  0-1

[Event "1st SCS GM Open"]
[Site "Bhubaneswar IND"]
[Date "2009.06.09"]
[Round "4"]
[White "Drozdovskij,Y"]
[Black "Babu,NS"]
[Result "1/2-1/2"]
[WhiteElo "2603"]
[BlackElo "2341"]

1.d4 d5 2.c4 e6 3.Nc3 Nf6 4.Nf3 Be7 5.Bf4 c5 6.dxc5 Na6 7.e3 Nxc5 8.cxd5 exd5
9.Bb5+ Bd7 10.Bxd7+ Qxd7 11.Be5 O-O 12.O-O Rfd8 13.Qe2 a6 14.Rfd1 Qe6 15.Bc7 Rdc8
16.Nd4 Qd7 17.Be5 Nce4 18.Nb3 Nxc3 19.Bxc3 Ne4 20.Bd4 Qe6 21.Rac1 Rxc1 22.Rxc1 Rc8
23.Rc2 h6 24.Qd1 Rxc2 25.Qxc2 Qd7 26.Nc1 Qf5 27.f3 Nd6  1/2-1/2

[Event "Open"]
[Site "Brescia ITA"]
[Date "2009.06.10"]
[Round "5"]
[White "Marino,F"]
[Black "Brunello,M"]
[Result "0-1"]
[WhiteElo "1843"]
[BlackElo "2166"]

1.c4 e6 2.Nc3 d5 3.d4 Be7 4.Nf3 Nf6 5.Bf4 Nbd7 6.e3 O-O 7.Qc2 c5 8.Bd3 cxd4
9.exd4 dxc4 10.Bxc4 b6 11.O-O Bb7 12.Ne5 Rc8 13.Bb3 Nd5 14.Bg3 Bb4 15.Bxd5 Bxd5
16.a3 Bxc3 17.bxc3 f5 18.f3 Nxe5 19.Bxe5 Rc4 20.Rfc1 Qg5 21.f4 Qg6 22.Qd2 Rfc8
23.Ra2 Qe8 24.Qe3 Qe7 25.a4 Rxc3 26.Rxc3 Rxc3 27.Qxc3 Bxa2 28.Qc8+ Kf7 29.g3 Bb3
30.Qc6 Bd5 31.Qb5 Qb7 32.a5 Bc6 33.Qb4 b5 34.Bd6 Bd5 35.Bc5 Bc4 36.Qe1 Qf3  0-1